| 000 | 00877nam a22002297a 4500 | ||
|---|---|---|---|
| 999 |
_c734 _d734 |
||
| 003 | AR-CdUCM | ||
| 008 | 190222b ||||| |||| 00| 0 spa d | ||
| 040 |
_aMUNICIPALIDAD PROVINCIAL DEL CUSCO _cBIBLIOTECA MUNICIPAL DEL CUSCO |
||
| 082 |
_a124.1 / _bL22 |
||
| 100 |
_aLandormy, Paul _92814 |
||
| 245 |
_aDescartes y Espinosa : _blos grandes Filósofos / _cPaul Landormy |
||
| 260 |
_aBarcelona : _bMateu , _c1967. |
||
| 300 |
_a253 paginas ; _c21cm. |
||
| 440 |
_aTodos para muchos. _n162 _92815 |
||
| 505 | _aContenido: Descartes -- El colegio de la flecha -- El discurso del Método -- Los principios de la filosofía -- La Filosofía de Espinosa -- De la libertad y de la beatitud ... | ||
| 650 |
_aFilosofía _9395 |
||
| 650 |
_aDescartes, René, 1596-1650 _92816 |
||
| 650 |
_aMetafísica _92817 |
||
| 700 |
_aChartier, Emile _92818 |
||
| 942 |
_2ddc _cLIBROS |
||
| 945 | _arac | ||